Music Quiz

Random Music or Song Quiz

Fill in the Blank (A to Z) Sting/Police Quiz Stats

 Plays Quiz not verified by Sporcle

Score 0/26 Timer 08:00
0 Plays Today
Lyrics Missing Words % Correct
Seems I'm not alone at being alone. A hundred billion c________ looking for a home.castaways
85.3%
It's a big enough u_______ but it's always me that ends up getting wetumbrella
79.3%
Turn the clock to z___, honey, I'll sell the stock, we'll spend all the money zero
75%
You'll forget the sun in his j______ sky as we walk in fields of goldjealous
68.5%
Packed like l_______ into shiny metal boxes. Contestants in a suicidal racelemmings
64.7%
I don't ever want to play the part of a statistic on a g_________ chartgovernment
63.6%
He starts to shake and cough. Just like the old man in that book by N______.Nabokov
62%
There's a red fox torn by a h_________ pack. There's a black-winged gull with a broken back.huntsman's
61.4%
And when their e________ escapes me, their logic ties me up and rapes me.eloquence
60.3%
Yes, I'm the soul of indiscretion, I was cursed with x____ visionx-ray
57.6%
You could say I'd lost my belief in our p__________. They all seemed like game show hosts to me.politicians
57.1%
Hey Mr. D_______, You really couldn't ask for more.Dinosaur
53.8%
There really isn't any need for bloodshed You just do it with a little more f______.finesse
52.2%
Lyrics Missing Words % Correct
How can I save my little boy from O____________ deadly toyOppenheimer's
49.5%
You consider me the young apprentice caught between the S_____ and CharybdisScylla
47.3%
Then let me build a bridge for I cannot fill the chasm. And let me set the b__________ on firebattlements
44.6%
You can't control an i__________ heart, Can't tear the one you love apartindependent
43.5%
It looks like home to me alright But it's a hundred miles from y________ nightyesterday
43.5%
They subjugate the meek, but it's the r_______ of failure.rhetoric
38.6%
The future is but a q_______ ____. Hangs above my head, there in the darkquestion mark
35.9%
He deals the cards as a m_________ and those he plays never suspect he doesn't play for the money he wins. He doesnt play for respect.meditation
33.7%
Though all my k_______ turn to sand and fall into the sea, I'm mad about youkingdoms
31%
When I feel lonely here, don't waste my time with t____.tears
26.1%
And when the w_____ comes he will find me gone. He'll look for a place to sitwombat
22.8%
This desert rose, each of her v____, a secret promiseveils
20.1%
I'm a walking nightmare, an a_____ of doom. arsenal
15.8%

You're not logged in!

Compare scores with friends on all Sporcle quizzes.
OR
Log In

Show Comments

Extras

Created Oct 15, 2010ReportNominate
Tags:Song Quiz, blank, police, sting, The Police

Top Quizzes Today


Score Distribution

Your Account Isn't Verified!

In order to create a playlist on Sporcle, you need to verify the email address you used during registration. Go to your Sporcle Settings to finish the process.

Report this User

Report this user for behavior that violates our Community Guidelines.

Details: